[Event "Monarch Assurance Isle of Man 14th"]
[Site "Port Erin IOM"]
[Date "2005.09.27"]
[Round "4.21"]
[White "Yakovich, Yuri"]
[Black "Zozulia, Anna"]
[Result "1-0"]
[WhiteElo "2560"]
[BlackElo "2314"]
[PlyCount "77"]
[EventDate "2005.09.24"]
[EventType "swiss"]
[EventRounds "9"]
[EventCountry "IOM"]

1. e4 d6 2. d4 Nf6 3. Nc3 g6 4. Bg5 Bg7 5. f4 c6 6. Nf3 d5 7. e5 Ne4 8. Bd3 Bf5
9. Bh4 O-O 10. O-O f6 11. Qe1 fxe5 12. fxe5 Nxc3 13. Bxf5 Rxf5 14. Qxc3 Na6 15.
Ng5 e6 16. Qh3 Qd7 17. g4 Rxf1+ 18. Rxf1 Rf8 19. Bf2 h6 20. Nf3 Nb4 21. Be3 g5
22. Rf2 c5 23. dxc5 Nc6 24. c3 Qe8 25. Nd4 Nxe5 26. Rxf8+ Bxf8 27. Bf2 Nc4 28.
b4 Nd2 29. Qh5 Qa4 30. Qg6+ Kh8 31. Qxe6 Qd1+ 32. Qe1 Qxg4+ 33. Bg3 Qxd4+ 34.
cxd4 Nf3+ 35. Kf2 Nxe1 36. Kxe1 Bg7 37. b5 Bxd4 38. c6 bxc6 39. bxc6 1-0

[Event "Monarch Assurance Isle of Man 14th"]
[Site "Port Erin IOM"]
[Date "2005.09.27"]
[Round "4.22"]
[White "Vitoux, Colomban"]
[Black "Adly, Ahmed"]
[Result "0-1"]
[WhiteElo "2264"]
[BlackElo "2503"]
[PlyCount "154"]
[EventDate "2005.09.24"]
[EventType "swiss"]
[EventRounds "9"]
[EventCountry "IOM"]

1. e4 c5 2. Nf3 d6 3. d4 Nf6 4. Nc3 cxd4 5. Nxd4 a6 6. Bg5 e6 7. f4 Bd7 8. Qf3
Nc6 9. O-O-O Nxd4 10. Rxd4 Bc6 11. Bc4 Be7 12. Rhd1 Qa5 13. Qg3 h6 14. Bxf6
Bxf6 15. Rxd6 Bxc3 16. bxc3 O-O 17. f5 exf5 18. exf5 Kh7 19. R1d4 Rae8 20. Bd3
f6 21. Rh4 Kh8 22. Qf4 {(=)} Qc7 23. Bc4 Bxg2 24. Be6 Bc6 25. Qg3 Qb6 26. Rdd4
Rxe6 {(=)} 27. fxe6 Qc5 28. Rdg4 Rd8 29. Rd4 Re8 30. Qh3 Kg8 31. Kb2 Kf8 32.
Qg4 Bd5 33. Rh5 Qb6+ 34. Rb4 Qc6 35. Qd4 Bxe6 36. Rc5 Qg2 37. Rc7 Bd5 38. Qc5+
Kg8 39. Re7 Rxe7 40. Qxe7 Kh7 41. Rf4 Qg6 42. Rd4 Bc6 43. Rd3 Qe4 44. Qc7 Qe8
45. Qf4 Qe6 46. Re3 Qd5 47. Re7 Qb5+ 48. Qb4 Qg5 49. h4 Qg3 50. Qc5 Qg4 51. Qd4
f5 52. Re1 Qg6 53. Rg1 Qf7 54. Rf1 Qe6 55. Rg1 {(=)} Qf7 56. Rf1 g5 57. Qe5 Bd7
58. hxg5 hxg5 59. Rh1+ Kg6 {(=)} 60. Qh8 f4 61. Qh5+ Kf6 62. Qd1 Bc6 63. Qd4+
Kf5 64. Re1 Qd5 65. Qg7 Qb5+ 66. Kc1 Qc5 67. Qf7+ Kg4 68. Qe6+ Kg3 69. Re5 Qg1+
70. Kb2 g4 71. Rg5 {(=)} Bf3 72. Qd6 Qf2 73. Qd3 Qb6+ 74. Ka3 Qe3 75. Qd4 Qe7+
76. Qc5 Qxc5+ 77. Rxc5 Kf2 0-1

[Event "Monarch Assurance Isle of Man 14th"]
[Site "Port Erin IOM"]
[Date "2005.09.27"]
[Round "4.23"]
[White "Ashton, Adam"]
[Black "Kononenko, Tatiana"]
[Result "0-1"]
[WhiteElo "2294"]
[BlackElo "2442"]
[PlyCount "114"]
[EventDate "2005.09.24"]
[EventType "swiss"]
[EventRounds "9"]
[EventCountry "IOM"]

1. e4 e6 2. d4 d5 3. Nc3 Bb4 4. e5 Ne7 5. a3 Bxc3+ 6. bxc3 c5 7. h4 Qc7 8. h5
h6 9. Bd3 b6 10. Qg4 cxd4 11. Ne2 Qxe5 12. cxd4 Qf6 13. Bf4 Nec6 14. Qg3 Nd7
15. Bb5 Bb7 16. Rh4 Rg8 17. Rg4 a6 18. Bxc6 Bxc6 19. Be5 Qf5 20. Rxg7 Rxg7 21.
Qxg7 Qxh5 22. Ng3 Qg6 23. Qxg6 fxg6 24. Bg7 h5 25. Kd2 Kf7 26. Bh6 b5 27. Ne2
Nb6 28. Nf4 Nc4+ 29. Kc3 a5 30. Nd3 Kf6 31. Bf4 b4+ 32. Kb3 Nxa3 33. Rc1 Bb5
34. Nc5 Nc4 35. c3 bxc3 36. Kxc3 Bc6 37. Ra1 Rc8 38. Kd3 g5 39. Bc1 Bb5 40. Kc3
Bc6 41. Nb3 Be8 42. Nc5 Kf5 43. Ra2 e5 44. Re2 e4 45. f3 Nd6 46. Be3 exf3 47.
gxf3 Bb5 48. Rg2 Rg8 49. Nb3 Nc4 50. Bc1 h4 51. Nc5 Nd6 52. Nb3 g4 53. fxg4+
Rxg4 54. Rf2+ Kg6 55. Rh2 Rg3+ 56. Kb2 Nc4+ 57. Ka2 h3 0-1

[Event "Monarch Assurance Isle of Man 14th"]
[Site "Port Erin IOM"]
[Date "2005.09.27"]
[Round "4.24"]
[White "Gladyszev, Oleg"]
[Black "Hughes, Howard R"]
[Result "1-0"]
[WhiteElo "2436"]
[BlackElo "2194"]
[PlyCount "73"]
[EventDate "2005.09.24"]
[EventType "swiss"]
[EventRounds "9"]
[EventCountry "IOM"]

1. d4 e6 2. c4 f5 3. g3 Nf6 4. Bg2 Be7 5. Nf3 d6 6. O-O O-O 7. b4 Qe8 8. Bb2
Nc6 9. b5 Nd8 10. Nfd2 Nf7 11. e4 fxe4 12. Nxe4 e5 13. Nbd2 Be6 14. Nxf6+ Bxf6
15. Bxb7 Rb8 16. Bc6 Qc8 17. Rc1 Bh3 18. Re1 exd4 19. f4 Bg4 20. Bf3 Bxf3 21.
Qxf3 c5 22. Qd5 Qb7 23. Qe6 Qc8 24. a4 Re8 25. Qd5 Re3 26. Ne4 Rxe1+ 27. Rxe1
Qd8 28. Bc1 Kf8 29. Bd2 Be7 30. Nf2 Qd7 31. Nd3 Qg4 32. Qe4 Bf6 33. Qxh7 g6 34.
Nf2 Qf5 35. Ne4 Re8 36. Qxf7+ Kxf7 37. Nxd6+ 1-0

[Event "Monarch Assurance Isle of Man 14th"]
[Site "Port Erin IOM"]
[Date "2005.09.27"]
[Round "4.25"]
[White "Greet, Andrew N"]
[Black "Mirzoeva, Elmira"]
[Result "1/2-1/2"]
[WhiteElo "2425"]
[BlackElo "2223"]
[PlyCount "148"]
[EventDate "2005.09.24"]
[EventType "swiss"]
[EventRounds "9"]
[EventCountry "IOM"]

1. d4 Nf6 2. Nf3 e6 3. c4 Bb4+ 4. Bd2 Qe7 5. g3 Nc6 6. Bg2 Bxd2+ 7. Nbxd2 O-O
8. O-O d6 9. e4 a5 10. b3 Nd7 11. Nb1 e5 12. Nc3 Nb6 13. Nd5 Nxd5 14. cxd5 Nb8
15. dxe5 dxe5 16. Rc1 Bg4 17. Qc2 Na6 18. Nd2 Rfc8 19. Nc4 Nb4 20. Qd2 Rd8 21.
h3 Bc8 22. f4 f6 23. fxe5 fxe5 24. a3 Nc6 25. Qf2 Nd4 26. Nxe5 Nxb3 27. Rc3 a4
28. Nd3 b6 29. Nb4 Bb7 30. Rf3 Qc5 31. Rf7 Rf8 32. Qxc5 bxc5 33. Rxf8+ Rxf8 34.
Rxf8+ Kxf8 35. Na2 Bc8 36. Nc3 Bd7 37. Kf2 Ke7 38. e5 Nd2 39. h4 Nc4 40. e6 Be8
41. Bf3 Nxa3 42. Bd1 Nb5 43. Nxa4 Kd6 44. Bf3 Nd4 45. Nc3 Nxf3 46. Kxf3 c6 47.
dxc6 Bxc6+ 48. Ke3 Kxe6 49. Ne2 Kf5 50. Nf4 g6 51. Nd3 c4 52. Nb4 Bb7 53. Na2
h5 54. Nc3 Ke5 55. Na2 Be4 56. Nc3 Bf5 57. Na2 Kd5 58. Nc3+ Kc5 59. Na2 Bc2 60.
Nc3 Kb4 61. Nd5+ Kb3 62. Kd2 Be4 63. Nc3 Bf3 64. Nb5 Bg4 65. Nc3 Kb4 66. Na2+
Kc5 67. Ke3 Bf5 68. Nc3 Kb4 69. Nd5+ Kb3 70. Kd2 Be6 71. Nc3 Bg4 72. Nd5 c3+
73. Nxc3 Kc4 74. Ne2 Bxe2 1/2-1/2

[Event "Monarch Assurance Isle of Man 14th"]
[Site "Port Erin IOM"]
[Date "2005.09.27"]
[Round "4.26"]
[White "Klenburg, Mikhail"]
[Black "Grant, Alan"]
[Result "1/2-1/2"]
[WhiteElo "2400"]
[BlackElo "2152"]
[PlyCount "101"]
[EventDate "2005.09.24"]
[EventType "swiss"]
[EventRounds "9"]
[EventCountry "IOM"]

1. e4 c5 2. d3 Nc6 3. g3 g6 4. Bg2 Bg7 5. f4 d6 6. Nf3 Nf6 7. O-O O-O 8. h3 b5
9. Nc3 b4 10. Ne2 a5 11. g4 a4 12. Rb1 Ba6 13. Be3 Nd7 14. Qe1 b3 15. axb3 axb3
16. c4 Nb4 17. Qd2 Rb8 18. f5 Ne5 19. Nxe5 Bxe5 20. Bh6 Bg7 21. Bxg7 Kxg7 22.
Qc3+ Kg8 23. Qxb3 Qb6 24. f6 e5 25. Qd1 Rfc8 26. Nc3 Qd8 27. Qd2 Rb6 28. h4 Kh8
29. Rf2 Rcb8 30. Bf1 Bc8 31. Be2 Be6 32. h5 Qg8 33. Rh2 g5 34. h6 Qg6 35. Rf1
Nc6 36. Nd1 Nd4 37. Rh5 Rg8 38. Rf2 Ra6 39. Nc3 Nb3 40. Qe3 Nd4 41. Kg2 Rb6 42.
Bd1 Rb4 43. Kg3 Rb6 44. Qd2 Rbb8 45. Na2 Bd7 46. Nc3 Ne6 47. Nd5 Nf4 48. Rh1
Rge8 49. Rhh2 Be6 50. Ba4 Rf8 51. Ne3 1/2-1/2

[Event "Monarch Assurance Isle of Man 14th"]
[Site "Port Erin IOM"]
[Date "2005.09.27"]
[Round "4.27"]
[White "Kirschbaum, Gunnar"]
[Black "Roeder, Mathias"]
[Result "0-1"]
[WhiteElo "2204"]
[BlackElo "2393"]
[PlyCount "44"]
[EventDate "2005.09.24"]
[EventType "swiss"]
[EventRounds "9"]
[EventCountry "IOM"]

1. d4 Nf6 2. c4 e6 3. Nc3 Bb4 4. Qc2 d5 5. cxd5 exd5 6. Bg5 h6 7. Bh4 c5 8.
dxc5 g5 9. Bg3 Ne4 10. Be5 O-O 11. O-O-O Bxc3 12. Bxc3 Nxf2 13. Nf3 Nxd1 14.
Qxd1 Nc6 15. Nd4 Qe7 16. e4 Qxe4 17. Bd3 Qe3+ 18. Kb1 Bg4 19. Qxg4 Qxd3+ 20.
Ka1 Nxd4 21. Bxd4 f5 22. Qh5 Qxd4 0-1

[Event "Monarch Assurance Isle of Man 14th"]
[Site "Port Erin IOM"]
[Date "2005.09.27"]
[Round "4.28"]
[White "Negi, Parimarjan"]
[Black "Adams, Phil"]
[Result "1-0"]
[WhiteElo "2376"]
[BlackElo "2138"]
[PlyCount "73"]
[EventDate "2005.09.24"]
[EventType "swiss"]
[EventRounds "9"]
[EventCountry "IOM"]

1. e4 e5 2. Nf3 Nc6 3. Bb5 a6 4. Ba4 Nf6 5. O-O Be7 6. Re1 b5 7. Bb3 d6 8. c3
O-O 9. d4 Bg4 10. d5 Na5 11. Bc2 c6 12. h3 Bc8 13. dxc6 Qc7 14. Nbd2 Qxc6 15.
Nf1 Nc4 16. Ng3 Re8 17. a4 Be6 18. Bd3 Bf8 19. Ng5 g6 20. Nxe6 fxe6 21. Qe2
Reb8 22. Bg5 Bg7 23. Rec1 Na5 24. axb5 axb5 25. Ra3 Ne8 26. Rca1 Nc4 27. Rxa8
Rxa8 28. Rxa8 Qxa8 29. Bxc4 bxc4 30. Qxc4 d5 31. Qb5 h6 32. Be7 d4 33. Qd7 Kh8
34. c4 Nf6 35. Bxf6 Bxf6 36. c5 Bd8 37. Qxe6 1-0

[Event "Monarch Assurance Isle of Man 14th"]
[Site "Port Erin IOM"]
[Date "2005.09.27"]
[Round "4.29"]
[White "Mannion, Stephen"]
[Black "Duhayon, Yves"]
[Result "1-0"]
[WhiteElo "2331"]
[BlackElo "2230"]
[PlyCount "73"]
[EventDate "2005.09.24"]
[EventType "swiss"]
[EventRounds "9"]
[EventCountry "IOM"]

1. e4 e5 2. Nf3 Nc6 3. Bb5 Nf6 4. O-O Nxe4 5. d4 Nd6 6. Bxc6 dxc6 7. dxe5 Ne4
8. Qe2 Bf5 9. Be3 Bc5 10. Bxc5 Nxc5 11. Nc3 Ne6 12. Rfe1 O-O 13. Ne4 Qe7 14.
Qc4 Rfd8 15. Re3 Rd5 16. Rae1 Rad8 17. c3 a5 18. h3 Kf8 19. a3 c5 20. Nd6 R5xd6
21. exd6 cxd6 22. Qd5 Bc2 23. h4 h6 24. b4 axb4 25. axb4 Ba4 26. Qe4 Bc6 27.
Qf5 g6 28. Qg4 h5 29. Qg3 Bxf3 30. Qxf3 Kg7 31. Qd5 Re8 32. g3 cxb4 33. cxb4
Qc7 34. Rd1 Rd8 35. Red3 Qb6 36. Qe4 Rd7 37. Rxd6 1-0

[Event "Monarch Assurance Isle of Man 14th"]
[Site "Port Erin IOM"]
[Date "2005.09.27"]
[Round "4.30"]
[White "Wademark, Helge"]
[Black "Neubauer, Martin"]
[Result "0-1"]
[WhiteElo "2182"]
[BlackElo "2468"]
[PlyCount "72"]
[EventDate "2005.09.24"]
[EventType "swiss"]
[EventRounds "9"]
[EventCountry "IOM"]

1. e4 g6 2. Nc3 Bg7 3. f4 c6 4. Nf3 d5 5. e5 h5 6. d4 Nh6 7. Be3 Bg4 8. Be2 e6
9. Qd2 Nd7 10. O-O-O Qa5 11. Kb1 Bf8 12. Qe1 Nf5 13. Qf2 Bxf3 14. Bxf3 Nb6 15.
Be2 Bb4 16. Rd3 Nc4 17. Nd1 b5 18. Bc1 Be7 19. Ne3 Ncxe3 20. Bxe3 b4 21. g3 Qb6
22. h3 a5 23. Rf1 a4 24. g4 hxg4 25. hxg4 Nxe3 26. Qxe3 c5 27. dxc5 Qxc5 28.
Qf3 Rc8 29. c3 a3 30. f5 axb2 31. Kxb2 bxc3+ 32. Rxc3 Qb4+ 33. Kc2 Qa4+ 34. Kb2
Rxc3 35. Qxc3 Rh2 36. Qd3 Qc4 0-1

[Event "Monarch Assurance Isle of Man 14th"]
[Site "Port Erin IOM"]
[Date "2005.09.27"]
[Round "4.31"]
[White "Lohou, Stephane"]
[Black "Zude, Erik"]
[Result "0-1"]
[WhiteElo "2144"]
[BlackElo "2424"]
[PlyCount "88"]
[EventDate "2005.09.24"]
[EventType "swiss"]
[EventRounds "9"]
[EventCountry "IOM"]

1. e4 e5 2. f4 d5 3. exd5 c6 4. Nc3 exf4 5. Nf3 Bd6 6. d4 Ne7 7. dxc6 Nbxc6 8.
Ne4 O-O 9. Bc4 Bg4 10. O-O Rc8 11. c3 Bb8 12. Bd3 h6 13. Nf2 Bf5 14. Nh4 Bxd3
15. Nxd3 Nd5 16. Qg4 Qg5 17. Qh3 Rce8 18. g3 Re2 19. Nxf4 Bxf4 20. Bxf4 Nxf4
21. Rxf4 Rxb2 22. Nf5 Ne7 23. Re1 Nxf5 24. Qxf5 Rxa2 25. Qxg5 hxg5 26. Rf3 Rd2
27. Re7 g4 28. Rf4 Rb2 29. d5 Rd2 30. Rxb7 a5 31. c4 a4 32. Ra7 Rb8 33. Rfxf7
Rb1+ 34. Rf1 Rbb2 35. Rff7 Rg2+ 36. Kf1 Rxh2 37. Rxg7+ Kh8 38. Kg1 Rhg2+ 39.
Kh1 Rgc2 40. Rh7+ Kg8 41. Rhg7+ Kf8 42. Rgf7+ Ke8 43. Kg1 a3 44. Rf1 Rg2+ 0-1

[Event "Monarch Assurance Isle of Man 14th"]
[Site "Port Erin IOM"]
[Date "2005.09.27"]
[Round "4.32"]
[White "Ruston, Mark"]
[Black "Zimmerman, Yuri"]
[Result "0-1"]
[WhiteElo "2116"]
[BlackElo "2375"]
[PlyCount "90"]
[EventDate "2005.09.24"]
[EventType "swiss"]
[EventRounds "9"]
[EventCountry "IOM"]

1. e4 d6 2. Nc3 g6 3. g3 Bg7 4. Bg2 c5 5. d3 Nc6 6. Be3 e6 7. Qd2 Nd4 8. Nd1 e5
9. c3 Ne6 10. Ne2 Nf6 11. Bh6 O-O 12. Bxg7 Kxg7 13. Ne3 Nc7 14. f4 Ng4 15. O-O
Nh6 16. f5 f6 17. g4 g5 18. h4 gxh4 19. c4 Nf7 20. Qe1 h3 21. Bxh3 Ng5 22. Qh4
Bd7 23. Kf2 Rh8 24. Ng3 Be8 25. Rh1 h6 26. Bg2 Bf7 27. Rh2 b5 28. b3 a5 29.
Rah1 a4 30. Nh5+ Kf8 31. Nd5 Nxd5 32. exd5 axb3 33. axb3 Ra2+ 34. Ke3 Ke7 35.
Be4 Ra3 36. Rb1 Qa5 37. Rc2 Bxh5 38. Qxh5 Nf7 39. Qh2 Rb8 40. Rcb2 Qc3 41. Ra2
Qd4+ 42. Kf3 Ng5+ 43. Kg3 Qe3+ 44. Kh4 Rxa2 45. Qxa2 Qh3# 0-1

[Event "Monarch Assurance Isle of Man 14th"]
[Site "Port Erin IOM"]
[Date "2005.09.27"]
[Round "4.33"]
[White "Peek, Marcel"]
[Black "Smith, Andrew P"]
[Result "1-0"]
[WhiteElo "2373"]
[BlackElo "2204"]
[PlyCount "55"]
[EventDate "2005.09.24"]
[EventType "swiss"]
[EventRounds "9"]
[EventCountry "IOM"]

1. d4 d6 2. Nf3 Nd7 3. c4 e5 4. Nc3 c6 5. e4 h6 6. Be3 Ngf6 7. h3 Be7 8. Be2
Nh7 9. d5 c5 10. h4 Ndf6 11. Nh2 O-O 12. Qd2 Ne8 13. g3 f5 14. exf5 Bxf5 15.
O-O-O a6 16. Rdg1 Bd7 17. Bd3 b5 18. Qc2 Nhf6 19. g4 b4 20. Ne4 Nxe4 21. Bxe4
Nf6 22. Bg6 Kh8 23. g5 Ng8 24. Qd2 Bf5 25. gxh6 gxh6 26. Bxh6 Bxg6 27. Rxg6 Rf7
28. Rhg1 1-0

[Event "Monarch Assurance Isle of Man 14th"]
[Site "Port Erin IOM"]
[Date "2005.09.27"]
[Round "4.34"]
[White "Hanley, Craig A"]
[Black "Dunn, Andrew"]
[Result "1-0"]
[WhiteElo "2367"]
[BlackElo "2197"]
[PlyCount "75"]
[EventDate "2005.09.24"]
[EventType "swiss"]
[EventRounds "9"]
[EventCountry "IOM"]

1. e4 c6 2. d4 d5 3. Nc3 dxe4 4. Nxe4 Bf5 5. Ng3 Bg6 6. Nf3 Nd7 7. h4 h6 8. h5
Bh7 9. Bd3 Bxd3 10. Qxd3 Qc7 11. Bd2 Ngf6 12. O-O-O e6 13. Kb1 Bd6 14. Ne4 Nxe4
15. Qxe4 Nf6 16. Qe2 O-O-O 17. c4 c5 18. Bc3 Kb8 19. d5 Rhe8 20. Bxf6 gxf6 21.
Qd2 Bf4 22. Qc2 f5 23. Rhe1 Bg5 24. Re2 Bf6 25. Rde1 Qd7 26. Qd2 exd5 27. Qf4+
Kc8 28. Rxe8 Rxe8 29. Rxe8+ Qxe8 30. Qxf5+ Qe6 31. Qxd5 Qe2 32. Qxc5+ Kd7 33.
Qd5+ Ke8 34. Qd2 Qxc4 35. a3 a6 36. Qe3+ Kd7 37. Ne1 Qg4 38. Qf3 {time} 1-0

[Event "Monarch Assurance Isle of Man 14th"]
[Site "Port Erin IOM"]
[Date "2005.09.27"]
[Round "4.36"]
[White "Radovanovic, Jovica"]
[Black "Walther, Cliff"]
[Result "1-0"]
[WhiteElo "2357"]
[BlackElo "2175"]
[PlyCount "53"]
[EventDate "2005.09.24"]
[EventType "swiss"]
[EventRounds "9"]
[EventCountry "IOM"]

1. e4 c5 2. Nf3 e6 3. d4 cxd4 4. Nxd4 a6 5. Bd3 Nc6 6. Nxc6 bxc6 7. O-O d5 8.
c4 Nf6 9. Nc3 dxc4 10. Bxc4 Qxd1 11. Rxd1 Bc5 12. Bf4 Ke7 13. Na4 Ba7 14. Bd6+
Ke8 15. Bd3 Nd7 16. Rac1 Bb7 17. Rc3 Bb8 18. Ba3 Bc7 19. Be2 Rb8 20. g3 g5 21.
Nc5 Nxc5 22. Bxc5 Be5 23. Rcd3 Bf6 24. e5 Be7 25. Bxe7 Kxe7 26. Rd7+ Kf8 27.
Bh5 1-0

[Event "Monarch Assurance Isle of Man 14th"]
[Site "Port Erin IOM"]
[Date "2005.09.27"]
[Round "4.37"]
[White "Heyl, Thomas"]
[Black "Peric, Slavisa"]
[Result "0-1"]
[WhiteElo "2101"]
[BlackElo "2280"]
[PlyCount "82"]
[EventDate "2005.09.24"]
[EventType "swiss"]
[EventRounds "9"]
[EventCountry "IOM"]

1. d4 d5 2. Nf3 Nf6 3. Bf4 c6 4. c3 Bf5 5. e3 Qb6 6. Qb3 Nbd7 7. Nbd2 h6 8. Be2
Nh5 9. Ne5 Nxf4 10. exf4 Nxe5 11. Qxb6 Nf3+ 12. Nxf3 axb6 13. Ne5 e6 14. a3 f6
15. Bh5+ Ke7 16. Ng6+ Bxg6 17. Bxg6 {(=)} f5 18. Bh5 g5 19. g3 c5 20. dxc5 bxc5
21. fxg5 hxg5 22. Bf3 g4 23. Bg2 b5 24. h4 gxh3 25. Rxh3 Rxh3 26. Bxh3 b4 27.
Kd2 bxc3+ 28. bxc3 Ra4 29. Bf1 c4 30. Be2 Kf6 31. Bd1 Rxa3 32. Rxa3 Bxa3 33.
Ba4 Ke7 34. Bc6 Kd6 35. Be8 Bc5 36. Ke2 Bb6 37. Bg6 Ba5 38. g4 fxg4 39. Bh5 g3
40. fxg3 Bxc3 41. g4 Bf6 0-1

[Event "Monarch Assurance Isle of Man 14th"]
[Site "Port Erin IOM"]
[Date "2005.09.27"]
[Round "4.38"]
[White "Spence, David J"]
[Black "Henrichsen, Jens"]
[Result "1-0"]
[WhiteElo "2218"]
[BlackElo "2075"]
[PlyCount "117"]
[EventDate "2005.09.24"]
[EventType "swiss"]
[EventRounds "9"]
[EventCountry "IOM"]

1. e4 c5 2. c3 d5 3. exd5 Qxd5 4. d4 Nf6 5. Nf3 e6 6. Be3 cxd4 7. cxd4 Nc6 8.
Nc3 Qd6 9. a3 Be7 10. Bd3 O-O 11. O-O Rd8 12. Qe2 b6 13. Rad1 Bb7 14. Rfe1 h6
15. Bb1 Bf8 16. Bc1 Ne7 17. Ne5 Ned5 18. Ne4 Qe7 19. Ng3 Rac8 20. Qd3 Rxc1 21.
Rxc1 Nf4 22. Qd2 Nxg2 23. Red1 Nh4 24. Qd3 g6 25. Ba2 Nd5 26. Bxd5 Rxd5 27. f4
Bg7 28. Rf1 Qd8 29. Rcd1 Ba8 30. Rf2 g5 31. Nh5 gxf4 32. Nxg7 Qg5+ 33. Kf1 Kxg7
34. Nf3 Nxf3 35. Qxf3 Rd8 36. Qxf4 Qxf4 37. Rxf4 f5 38. Rc1 Rd7 39. Ke2 Be4 40.
Ke3 Kf6 41. Rh4 Kg5 42. Rh3 Kg6 43. Rg1+ Kh7 44. Rhg3 Bc2 45. R1g2 Be4 46. Rd2
Bb1 47. Rg1 Ba2 48. Kf4 Rd5 49. Re1 Rd6 50. Ke5 Rd5+ 51. Kf6 Rd7 52. Rxe6 Bxe6
53. Kxe6 Rd8 54. d5 f4 55. Ke7 Rg8 56. d6 Rg7+ 57. Ke6 Rg6+ 58. Ke5 Rg8 59. d7
1-0

[Event "Monarch Assurance Isle of Man 14th"]
[Site "Port Erin IOM"]
[Date "2005.09.27"]
[Round "4.39"]
[White "Groffen, Hans"]
[Black "Martin, Katie"]
[Result "1/2-1/2"]
[WhiteElo "2210"]
[BlackElo "1953"]
[PlyCount "85"]
[EventDate "2005.09.24"]
[EventType "swiss"]
[EventRounds "9"]
[EventCountry "IOM"]

1. d4 Nf6 2. c4 c5 3. d5 b5 4. cxb5 a6 5. bxa6 Bxa6 6. Nc3 d6 7. Nf3 g6 8. g3
Bg7 9. Bg2 O-O 10. Rb1 Nbd7 11. O-O Ne8 12. Qc2 Nc7 13. Re1 Ra7 14. e4 Qa8 15.
b3 Rb8 16. Bg5 Re8 17. a4 h6 18. Bd2 Rb8 19. h4 Rab7 20. h5 g5 21. e5 dxe5 22.
Bxg5 hxg5 23. Nxg5 Nf8 24. Be4 Bh6 25. Nf3 f6 26. Nh4 Ne8 27. Nf5 Bg5 28. d6
exd6 29. Bd5+ Kh8 30. f4 exf4 31. Re7 Qa7 32. Rbe1 c4+ 33. Kh1 cxb3 34. Qb2
Rxe7 35. Rxe7 Qc5 36. gxf4 Bxf4 37. Qg2 Bg5 38. Nh6 Bc4 39. Nf7+ Kg8 40. Nh6+
Kh8 41. Nf7+ Kg8 42. Nh6+ Kh8 43. Nf7+ 1/2-1/2

[Event "Monarch Assurance Isle of Man 14th"]
[Site "Port Erin IOM"]
[Date "2005.09.27"]
[Round "4.40"]
[White "Goodger, Martyn"]
[Black "Young, Mel"]
[Result "1-0"]
[WhiteElo "2162"]
[BlackElo "1971"]
[PlyCount "55"]
[EventDate "2005.09.24"]
[EventType "swiss"]
[EventRounds "9"]
[EventCountry "IOM"]

1. e4 c5 2. c3 d5 3. exd5 Qxd5 4. d4 Nf6 5. Nf3 e6 6. Be3 cxd4 7. cxd4 Nc6 8.
Nc3 Qd6 9. a3 Be7 10. Bd3 O-O 11. O-O b6 12. Qe2 Bb7 13. Rad1 Rac8 14. Rfe1 Nd5
15. Ne4 Qd8 16. Bc1 h6 17. Bb1 Nb8 18. Ne5 Nd7 19. Ng3 Rxc1 20. Rxc1 Nf4 21.
Qc2 f5 22. Nc6 Bxc6 23. Qxc6 Nf6 24. Ba2 N6d5 25. Rxe6 Rf6 26. Rxf6 Bxf6 27.
Re1 Kf8 28. Nxf5 1-0

[Event "Monarch Assurance Isle of Man 14th"]
[Site "Port Erin IOM"]
[Date "2005.09.27"]
[Round "4.41"]
[White "Fox, Anthony"]
[Black "Fox, Pierre"]
[Result "0-1"]
[WhiteElo "2118"]
[BlackElo "1815"]
[PlyCount "94"]
[EventDate "2005.09.24"]
[EventType "swiss"]
[EventRounds "9"]
[EventCountry "IOM"]

1. e4 e5 2. Nf3 Nc6 3. Bb5 Nf6 4. O-O Nxe4 5. d4 Nd6 6. Bxc6 dxc6 7. dxe5 Ne4
8. Qxd8+ Kxd8 9. Ng5 Nxg5 10. Bxg5+ Ke8 11. Nd2 Bf5 12. c3 c5 13. Rfe1 h6 14.
Bh4 a5 15. h3 Ra6 16. g4 Bd3 17. Rad1 Bc2 18. Rc1 Bd3 19. c4 g5 20. Bg3 Re6 21.
Re3 Bg6 22. Rce1 Kd7 23. Nf3 Be7 24. h4 Kc6 25. h5 Bc2 26. Rc1 Bh7 27. Kf1 Rd8
28. Ke2 a4 29. Rd1 Rxd1 30. Kxd1 Bb1 31. Ra3 b5 32. cxb5+ Kxb5 33. b3 Ra6 34.
bxa4+ Rxa4 35. Rb3+ Rb4 36. Nd2 Bxa2 37. Ra3 Bd5 38. f3 Ra4 39. Rxa4 Kxa4 40.
Kc2 c4 41. f4 Kb4 42. f5 c6 43. f6 Bc5 44. Bf4 c3 45. Bxg5 hxg5 46. h6 cxd2 47.
Kxd2 Be4 0-1

[Event "Monarch Assurance Isle of Man 14th"]
[Site "Port Erin IOM"]
[Date "2005.09.27"]
[Round "4.42"]
[White "Werner, Gert"]
[Black "Hickman, John"]
[Result "1/2-1/2"]
[WhiteElo "2047"]
[BlackElo "2115"]
[PlyCount "69"]
[EventDate "2005.09.24"]
[EventType "swiss"]
[EventRounds "9"]
[EventCountry "IOM"]

1. Nf3 d6 2. g3 g6 3. Bg2 Bg7 4. d4 Nf6 5. O-O O-O 6. c4 Nbd7 7. Nc3 e5 8. h3
c6 9. e4 Qb6 10. Re1 exd4 11. Nxd4 Re8 12. Be3 Qc7 13. Rc1 Nc5 14. Qc2 a5 15.
b3 Nfd7 16. Rcd1 Ne6 17. Nxe6 Rxe6 18. f4 Re8 19. Bf2 Nf6 20. Qd2 Bf8 21. Na4
Ra6 22. c5 dxc5 23. Nxc5 Ra8 24. Qd4 Nh5 25. Nd7 Be7 26. e5 Rd8 27. e6 fxe6 28.
Qe5 Rxd7 29. Qxe6+ Kf8 30. Rxd7 Qxd7 31. Qe5 Bf6 32. Qc5+ Be7 33. Qe5 Bf6 34.
Qc5+ Be7 35. Qe5 1/2-1/2

[Event "Monarch Assurance Isle of Man 14th"]
[Site "Port Erin IOM"]
[Date "2005.09.27"]
[Round "4.43"]
[White "De Lagontrie, Jean"]
[Black "Fraser-Mitchell, Jeremy"]
[Result "1-0"]
[WhiteElo "1988"]
[BlackElo "2098"]
[PlyCount "67"]
[EventDate "2005.09.24"]
[EventType "swiss"]
[EventRounds "9"]
[EventCountry "IOM"]

1. d4 f5 2. e4 fxe4 3. Nc3 Nf6 4. Bg5 Nc6 5. d5 Ne5 6. Qd4 Nf7 7. h4 c6 8.
O-O-O Qb6 9. Bxf6 gxf6 10. Qxe4 Qxf2 11. Nf3 Bh6+ 12. Kb1 Qe3 13. Qa4 a5 14.
Nd4 Nd6 15. Bd3 b5 16. Qb3 b4 17. Na4 Ne4 18. Bxe4 Qxe4 19. dxc6 dxc6 20. Nb6
Rb8 21. Rhe1 Qg4 22. Nxc6 Be6 23. Qxe6 Qxe6 24. Rxe6 Rb7 25. Nxa5 Rc7 26. Rde1
Kf7 27. Nc6 Re8 28. Nd5 Rcc8 29. Rxe7+ Rxe7 30. Rxe7+ Kg6 31. Re6 Rf8 32. g4
Bg7 33. Ne5+ Kh6 34. a4 1-0

[Event "Monarch Assurance Isle of Man 14th"]
[Site "Port Erin IOM"]
[Date "2005.09.27"]
[Round "4.44"]
[White "Henderikse, Bert"]
[Black "Spanton, Tim"]
[Result "0-1"]
[WhiteElo "2028"]
[BlackElo "2032"]
[PlyCount "57"]
[EventDate "2005.09.24"]
[EventType "swiss"]
[EventRounds "9"]
[EventCountry "IOM"]

1. d4 d5 2. c4 Nc6 3. Nf3 Bg4 4. cxd5 Bxf3 5. gxf3 Qxd5 6. e3 e5 7. Nc3 Bb4 8.
Bd2 Bxc3 9. bxc3 Qd6 10. Rb1 O-O-O 11. Bh3+ Kb8 12. O-O Nh6 13. f4 e4 14. c4 g5
15. Qb3 b6 16. c5 Qg6 17. f5 Qh5 18. cxb6 cxb6 19. Bg2 Nxf5 20. Qc2 Rd6 21.
Qxe4 Rh6 22. Rfc1 Qxh2+ 23. Kf1 Rf6 24. Ke2 Nfxd4+ 25. Kd3 Rd8 26. Kc4 Qc7 27.
Kd3 Nf3+ 28. Ke2 Rxd2+ 29. Kf1 0-1

[Event "Monarch Assurance Isle of Man 14th"]
[Site "Port Erin IOM"]
[Date "2005.09.27"]
[Round "4.45"]
[White "Hutchinson, Norman A"]
[Black "Marks, Ian A"]
[Result "1/2-1/2"]
[WhiteElo "2097"]
[BlackElo "1889"]
[PlyCount "66"]
[EventDate "2005.09.24"]
[EventType "swiss"]
[EventRounds "9"]
[EventCountry "IOM"]

1. e4 d5 2. exd5 Qxd5 3. Nc3 Qa5 4. Nf3 Nf6 5. d4 c6 6. Bc4 Bf5 7. Bd2 e6 8.
Ne4 Qc7 9. Nxf6+ gxf6 10. Qe2 Be7 11. O-O-O Nd7 12. Nh4 Bg6 13. g3 O-O-O 14.
Bb3 f5 15. Nxg6 hxg6 16. h4 Bd6 17. Kb1 Rde8 18. c4 c5 19. Bc3 Rh5 20. Rd2 cxd4
21. Rxd4 Nc5 22. Bb4 Be5 23. Bxc5 Qxc5 24. Rd2 Rhh8 25. Rhd1 Rd8 26. Ba4 Rd4
27. Rxd4 Bxd4 28. Rd2 Rd8 29. h5 gxh5 30. Qxh5 Bxf2 31. Rxd8+ Kxd8 32. Qxf7 Qd6
33. a3 Qe7 1/2-1/2